[Event "LEM Nachwuchs M-V u14 08.-12.02.2020"]
[Site "Aula Fleesenseeschule Malchow"]
[Date "2020.02.08"]
[Round "1.9"]
[White "Wilke, Finja"]
[Black "Lippitz, Jaden"]
[Result "0-1"]
[WhiteElo "923"]
[BlackElo "1337"]
[PlyCount "28"]
[EventDate "2020.??.??"]
[EventRounds "7"]
[WhiteTeam "SAV Torgelow"]
[BlackTeam "SG Güstrow"]

{[%evp 0,28,23,11,11,26,42,25,28,3,25,-32,115,115,115,41,84,45,45,57,127,-6,
177,-300,-103,-450,-479,-29995,-29996,-29999,-30000]} 1. e4 e5 2. Nf3 Nc6 3.
Nc3 Nf6 4. Bb5 Bc5 5. Nxe5 Bxf2+ 6. Kxf2 Nxe5 7. Rf1 c6 8. Be2 d5 9. d4 Qb6 10.
Bf4 Neg4+ 11. Kg3 dxe4 12. Nxe4 Nxe4+ 13. Kh4 Qd8+ 14. Kh3 Ngf2# 0-1

[Event "LEM Nachwuchs M-V u14 08.-12.02.2020"]
[Site "Aula Fleesenseeschule Malchow"]
[Date "2020.02.08"]
[Round "1.10"]
[White "Maeno, Yosuke"]
[Black "Hägert, Luisa"]
[Result "1-0"]
[WhiteElo "1330"]
[BlackElo "787"]
[PlyCount "55"]
[EventDate "2020.??.??"]
[EventRounds "7"]
[WhiteTeam "SF Schwerin"]
[BlackTeam "SG Güstrow"]

1. Nf3 d5 2. c4 Nf6 3. g3 Nc6 4. Bg2 e5 5. cxd5 Nxd5 6. Nc3 Be6 7. O-O Nxc3 8.
dxc3 Qxd1 9. Rxd1 Bd6 10. Be3 O-O 11. b4 a6 12. a4 Rab8 13. Ng5 h6 14. Ne4 Rfd8
15. Nxd6 cxd6 16. b5 Ne7 17. Bb6 Rd7 18. bxa6 d5 19. axb7 Rbxb7 20. a5 Nc6 21.
c4 Nd4 22. Kh1 Nb3 23. Ra3 Nxa5 24. Bxa5 dxc4 25. Bxb7 Rxd1+ 26. Kg2 Rc1 27.
Rc3 Rb1 28. Be4 1-0

[Event "LEM Nachwuchs M-V u14 08.-12.02.2020"]
[Site "Aula Fleesenseeschule Malchow"]
[Date "2020.02.09"]
[Round "2.1"]
[White "Tovmasyan, Minas"]
[Black "Börger, Dan"]
[Result "1-0"]
[WhiteElo "1652"]
[BlackElo "1431"]
[PlyCount "85"]
[EventDate "2020.??.??"]
[EventRounds "7"]
[WhiteTeam "TuS Makkabi Rostock"]
[BlackTeam "SC Mecklenburger Springer"]

1. d4 Nf6 2. c4 g6 3. Nc3 d5 4. Nf3 Bg7 5. Qb3 dxc4 6. Qxc4 O-O 7. e4 e6 8. Bg5
h6 9. Bf4 c6 10. a4 a5 11. Be2 Na6 12. O-O Nb4 13. Rfd1 Re8 14. Rac1 Re7 15. h3
Nh5 16. Bh2 Nf6 17. Ne5 Ra7 18. Nd3 Nxd3 19. Rxd3 Rd7 20. Bf3 b6 21. Qxc6 Ba6
22. Nb5 Bxb5 23. Qxb5 Rxd4 24. Rxd4 Qxd4 25. Be5 Qd8 26. Rc6 Rb7 27. Rd6 Qc7
28. Rc6 Qd8 29. Qa6 Qd7 30. Rd6 Ra7 31. Qxb6 Qe7 32. Qd4 Ra8 33. g4 g5 34. Qd3
Rc8 35. Qd2 Ne8 36. Rd7 Qc5 37. Bxg7 Nxg7 38. Kg2 Qc2 39. Rd8+ Kh7 40. Qxc2
Rxc2 41. Rb8 Rc4 42. b3 e5 43. bxc4 1-0

[Event "LEM Nachwuchs M-V u14 08.-12.02.2020"]
[Site "Aula Fleesenseeschule Malchow"]
[Date "2020.02.09"]
[Round "2.2"]
[White "Subocz, Gabriel"]
[Black "Wellßow, Keoki"]
[Result "0-1"]
[WhiteElo "1411"]
[BlackElo "1544"]
[PlyCount "72"]
[EventDate "2020.??.??"]
[EventRounds "7"]
[WhiteTeam "SAV Torgelow"]
[BlackTeam "SG Jasmund"]

1. e4 d6 2. d4 Nf6 3. Nc3 e5 4. Nf3 Nbd7 5. Bc4 Be7 6. Be3 O-O 7. Qd2 Ng4 8. h3
Nxe3 9. fxe3 exd4 10. exd4 Nb6 11. Bb3 c6 12. O-O-O d5 13. Rdg1 Be6 14. g4 dxe4
15. Nxe4 Bd5 16. Qd3 Re8 17. h4 Bxe4 18. Qxe4 Bg5+ 19. Nxg5 Rxe4 20. Nxe4 Qxd4
21. Ng5 Nd5 22. Nf3 Qf4+ 23. Nd2 Re8 24. Re1 Rxe1+ 25. Rxe1 Kf8 26. Bxd5 cxd5
27. Rg1 Qf2 28. Nf3 Qxf3 29. Rd1 Qxg4 30. Rxd5 Qxh4 31. Rd7 g5 32. Rd8+ Kg7 33.
Rd7 g4 34. Rd4 Qe1+ 35. Rd1 Qe3+ 36. Kb1 g3 0-1

[Event "LEM Nachwuchs M-V u14 08.-12.02.2020"]
[Site "Aula Fleesenseeschule Malchow"]
[Date "2020.02.09"]
[Round "2.3"]
[White "Lippitz, Jaden"]
[Black "Scharf, Christian"]
[Result "0-1"]
[WhiteElo "1337"]
[BlackElo "1050"]
[PlyCount "120"]
[EventDate "2020.??.??"]
[EventRounds "7"]
[WhiteTeam "SG Güstrow"]
[BlackTeam "SG Güstrow"]

1. e4 e5 2. Nf3 Nc6 3. d4 exd4 4. Nxd4 Bc5 5. Nxc6 Qf6 6. Qf3 dxc6 7. Nc3 Be6
8. Bf4 Bd6 9. Bxd6 Qxf3 10. gxf3 cxd6 11. O-O-O O-O-O 12. f4 f5 13. Bh3 Nh6 14.
e5 d5 15. Ne2 c5 16. f3 d4 17. Rhg1 g6 18. c3 d3 19. Ng3 Bxa2 20. Bf1 c4 21.
Kd2 Rd5 22. Ra1 Ra5 23. h4 Rd8 24. h5 Rdd5 25. hxg6 hxg6 26. Rh1 Rdb5 27. b4
cxb3 28. Bxd3 Rd5 29. Ke3 Nf7 30. Bc4 Rdc5 31. Bxf7 Rxc3+ 32. Kf2 Rc2+ 33. Ne2
Rb5 34. Rhc1 Rbc5 35. Rxc2 Rxc2 36. Ke3 b2 37. Rh1 Bxf7 38. Rb1 Ba2 39. Nc3
Rxc3+ 40. Kd2 Rb3 41. Kc2 Rb6 42. Rxb2 Rxb2+ 43. Kxb2 Bd5 44. Kc3 Kd7 45. Kd4
Kc6 46. Kd3 Bxf3 47. Kc4 Bd5+ 48. Kb4 b6 49. e6 Bxe6 50. Ka4 b5+ 51. Kb4 a5+
52. Ka3 b4+ 53. Kb2 a4 54. Kb1 Kc5 55. Kb2 a3+ 56. Kc2 b3+ 57. Kb1 Kc4 58. Ka1
Kc3 59. Kb1 a2+ 60. Ka1 b2# 0-1

[Event "LEM Nachwuchs M-V u14 08.-12.02.2020"]
[Site "Aula Fleesenseeschule Malchow"]
[Date "2020.02.09"]
[Round "2.4"]
[White "Schott, Andy"]
[Black "Maeno, Yosuke"]
[Result "1/2-1/2"]
[WhiteElo "1485"]
[BlackElo "1330"]
[PlyCount "52"]
[EventDate "2020.??.??"]
[EventRounds "7"]
[WhiteTeam "SG Güstrow"]
[BlackTeam "SF Schwerin"]

1. c4 Nf6 2. Nc3 c5 3. g3 g6 4. Bg2 d6 5. e3 Bg7 6. d4 Nbd7 7. Nge2 O-O 8. O-O
Rb8 9. Qa4 a5 10. a3 b6 11. b4 axb4 12. axb4 Bb7 13. Bxb7 Rxb7 14. bxc5 bxc5
15. d5 Rb4 16. Qa6 Qb6 17. Bd2 Qxa6 18. Rxa6 Rxc4 19. Ra7 Rb8 20. Rfa1 Rcb4 21.
h3 h6 22. g4 R4b7 23. f4 Nxd5 24. Rxb7 Rxb7 25. Ra8+ Kh7 26. Nxd5 Rb2 1/2-1/2

[Event "LEM Nachwuchs M-V u14 08.-12.02.2020"]
[Site "Aula Fleesenseeschule Malchow"]
[Date "2020.02.09"]
[Round "2.5"]
[White "Breß, Amy Charlize"]
[Black "Hampe, Tobias"]
[Result "1-0"]
[WhiteElo "1473"]
[BlackElo "1075"]
[PlyCount "75"]
[EventDate "2020.??.??"]
[EventRounds "7"]
[WhiteTeam "SAV Torgelow"]
[BlackTeam "Lok Pritzwalk"]

1. e4 e5 2. Nf3 Nc6 3. Bb5 a6 4. Ba4 b5 5. Bb3 Nf6 6. O-O Bc5 7. d3 h6 8. c3
O-O 9. h3 Re8 10. Re1 d6 11. Nbd2 Bb7 12. Nf1 Ne7 13. Ng3 Ng6 14. Nf5 d5 15.
exd5 Nxd5 16. d4 exd4 17. N3xd4 Ndf4 18. Bxf4 Nxf4 19. Qg4 Qg5 20. Qxg5 hxg5
21. Ne3 Rad8 22. Rad1 Rd6 23. Ndf5 Rxd1 24. Rxd1 g6 25. Nh6+ Kg7 26. Nxf7 Bxe3
27. fxe3 Nxg2 28. Nxg5 Rxe3 29. Bd5 Bxd5 30. Rxd5 Nf4 31. Rd7+ Kh6 32. h4 Kh5
33. Kf2 Rh3 34. Nxh3 Nxh3+ 35. Kg3 g5 36. Kxh3 gxh4 37. Rxc7 Kg5 38. Rc6 1-0

[Event "LEM Nachwuchs M-V u14 08.-12.02.2020"]
[Site "Aula Fleesenseeschule Malchow"]
[Date "2020.02.09"]
[Round "2.6"]
[White "Quade, Luca"]
[Black "Janssen, Joris Frederik"]
[Result "0-1"]
[WhiteElo "1414"]
[BlackElo "1291"]
[PlyCount "78"]
[EventDate "2020.??.??"]
[EventRounds "7"]
[WhiteTeam "SF Schwerin"]
[BlackTeam "TuS Makkabi Rostock"]

1. e4 c5 2. Nf3 e6 3. d4 cxd4 4. Nxd4 a6 5. Bf4 e5 6. Qh5 exf4 7. Bc4 Qe7 8.
O-O Nf6 9. Qf5 Qxe4 10. Qxe4+ Nxe4 11. Re1 Ra7 12. Rxe4+ Be7 13. Rxf4 O-O 14.
Nf5 Bf6 15. c3 b5 16. Bd3 Bb7 17. Nd2 Bg5 18. Rg4 Bxd2 19. Rh4 g6 20. Rg4 Kh8
21. Nd6 Bd5 22. Rd1 Be6 23. Rd4 Bh6 24. Re1 Nc6 25. Rde4 Bxa2 26. Rh4 Bg5 27.
Rg4 Be7 28. Ne4 Ne5 29. Rg3 Nxd3 30. Rxd3 Be6 31. Rg3 f5 32. Ng5 Bxg5 33. Rxg5
Rf6 34. Rg3 Kg7 35. Rge3 Kf8 36. Rh3 Bg8 37. Rhe3 Re6 38. Rxe6 dxe6 39. Rd1 Ke7
0-1

[Event "LEM Nachwuchs M-V u14 08.-12.02.2020"]
[Site "Aula Fleesenseeschule Malchow"]
[Date "2020.02.09"]
[Round "2.7"]
[White "Karff, Tom"]
[Black "Köpnick, Amanda"]
[Result "1-0"]
[WhiteElo "1301"]
[BlackElo "1030"]
[PlyCount "87"]
[EventDate "2020.??.??"]
[EventRounds "7"]
[WhiteTeam "SV Malchow"]
[BlackTeam "TuS Makkabi Rostock"]

1. e4 e5 2. Nf3 Nc6 3. Bc4 Bc5 4. Nc3 d6 5. h3 Nf6 6. d3 h6 7. Be3 Bb6 8. Qd2
Qe7 9. Nd5 Nxd5 10. exd5 Nd4 11. Bxd4 exd4+ 12. Qe2 Qxe2+ 13. Kxe2 O-O 14. Rhe1
Ba5 15. Red1 c5 16. dxc6 bxc6 17. Nxd4 c5 18. Bd5 Rb8 19. Nc6 Rb5 20. a4 Rxb2
21. Nxa5 Rxc2+ 22. Rd2 Rc3 23. Nc6 Bf5 24. Ne7+ Kh8 25. Nxf5 Re8+ 26. Ne3 a5
27. Bxf7 Re7 28. Bg6 c4 29. Rb1 Rb3 30. Rdb2 cxd3+ 31. Bxd3 Rxb2+ 32. Rxb2 Re8
33. Bg6 Rf8 34. Nf5 d5 35. Rb7 Rg8 36. Nxh6 Rf8 37. Nf7+ Kg8 38. Ne5 d4 39.
Bf7+ Kh7 40. g4 Kh6 41. h4 Kh7 42. Bg6+ Kh8 43. h5 Rg8 44. h6 1-0

[Event "LEM Nachwuchs M-V u14 08.-12.02.2020"]
[Site "Aula Fleesenseeschule Malchow"]
[Date "2020.02.09"]
[Round "2.8"]
[White "Kirchner, Bao Long Marc"]
[Black "Wilke, Finja"]
[Result "1/2-1/2"]
[WhiteElo "1222"]
[BlackElo "923"]
[PlyCount "73"]
[EventDate "2020.??.??"]
[EventRounds "7"]
[WhiteTeam "TuS Makkabi Rostock"]
[BlackTeam "SAV Torgelow"]

1. e4 e5 2. Nf3 Nc6 3. d4 Bd6 4. d5 Nce7 5. c4 c6 6. Nc3 Nf6 7. Be3 Qa5 8. Qd2
cxd5 9. cxd5 b6 10. Bd3 Bc5 11. Nxe5 Bxe3 12. Qxe3 d6 13. Nc4 Qc5 14. Nb5 Ba6
15. a4 O-O 16. O-O Bxb5 17. axb5 Qxe3 18. Nxe3 Ng6 19. Nc4 Nf4 20. Rfd1 Nxd3
21. Rxd3 Nxe4 22. Re3 Nf6 23. Rd1 a6 24. Nxd6 Rfd8 25. Nb7 Rxd5 26. Rxd5 Nxd5
27. Rd3 Re8 28. Rd1 h6 29. bxa6 Nc7 30. a7 Nb5 31. Kf1 Nxa7 32. Rd6 Nc8 33. Rc6
b5 34. Rc5 Na7 35. Nd6 Rb8 36. Rc1 Rb6 37. Rc7 1/2-1/2

[Event "LEM Nachwuchs M-V u14 08.-12.02.2020"]
[Site "Aula Fleesenseeschule Malchow"]
[Date "2020.02.09"]
[Round "2.9"]
[White "Hägert, Luisa"]
[Black "Bieschke, Tom"]
[Result "0-1"]
[WhiteElo "787"]
[BlackElo "1144"]
[PlyCount "100"]
[EventDate "2020.??.??"]
[EventRounds "7"]
[WhiteTeam "SG Güstrow"]
[BlackTeam "SG Neubrandenburg"]

1. e4 d6 2. Nf3 Nf6 3. Nc3 g6 4. d4 Bg7 5. Bc4 Nbd7 6. O-O O-O 7. Bf4 b6 8. Re1
Bb7 9. e5 dxe5 10. dxe5 Ng4 11. h3 Bxf3 12. Qxf3 Ngxe5 13. Qd5 Nxc4 14. Qxc4
Nc5 15. Rad1 Nd7 16. Bxc7 Qc8 17. Rxe7 Ne5 18. Qd5 Re8 19. Rxe8+ Qxe8 20. Bxe5
Bxe5 21. Nb5 a6 22. Nd6 Bxd6 23. Qxd6 Qe2 24. Rc1 Qb5 25. b3 Re8 26. a4 Qa5 27.
b4 Qxa4 28. Qxb6 Qa3 29. Rb1 Qc3 30. Kh2 Qxc2 31. Rf1 Qa4 32. Rb1 Re2 33. Qd8+
Qe8 34. Qxe8+ Rxe8 35. Ra1 Re4 36. Rxa6 Rxb4 37. g4 Rb2 38. Kg3 Kg7 39. h4 h6
40. f4 Rb3+ 41. Kg2 h5 42. gxh5 gxh5 43. Ra5 Kg6 44. f5+ Kf6 45. Rc5 Re3 46.
Kf2 Re5 47. Rxe5 Kxe5 48. Kg3 Kxf5 49. Kh3 Kf4 50. Kh2 Kg4 0-1

[Event "LEM Nachwuchs M-V u14 08.-12.02.2020"]
[Site "Aula Fleesenseeschule Malchow"]
[Date "2020.02.09"]
[Round "2.10"]
[White "Bohndorf, Jonas"]
[Black "Klöpzig, Lars Arvid"]
[Result "1/2-1/2"]
[WhiteElo "1239"]
[BlackElo "1304"]
[PlyCount "100"]
[EventDate "2020.??.??"]
[EventRounds "7"]
[WhiteTeam "SV Gryps"]
[BlackTeam "SV Gryps"]

1. e4 e5 2. Nf3 Nf6 3. Nc3 Bb4 4. a3 Bxc3 5. dxc3 d5 6. Bg5 c6 7. Bd3 Bg4 8. h3
Bh5 9. O-O Nbd7 10. Re1 O-O 11. c4 Qc7 12. cxd5 cxd5 13. exd5 Nxd5 14. Bf5 N5f6
15. g4 Bg6 16. Bxg6 fxg6 17. Bxf6 gxf6 18. Qd5+ Kg7 19. Rad1 Rad8 20. c3 Nb6
21. Qe4 Nc4 22. Rb1 Nd6 23. Qe3 Rde8 24. Qxa7 e4 25. Nd2 f5 26. Qd4+ Rf6 27. g5
Nb5 28. Qxf6+ Kg8 29. c4 Nd6 30. Qd4 Qe7 31. c5 Nb5 32. Qc4+ Kf8 33. Qxb5 Qxg5+
34. Kf1 Qxd2 35. Qxb7 e3 36. Re2 Qd3 37. Rbe1 exf2 38. Kxf2 Qd4+ 39. Kg2 Rxe2+
40. Rxe2 Qd8 41. Kh2 h5 42. c6 Qd6+ 43. Kg1 Qg3+ 44. Rg2 Qe1+ 45. Kh2 Qe5+ 46.
Kh1 Qe1+ 47. Kh2 Qe5+ 48. Rg3 Qe2+ 49. Kg1 Qe1+ 50. Kg2 Qe2+ 1/2-1/2

[Event "LEM Nachwuchs M-V u14 08.-12.02.2020"]
[Site "Aula Fleesenseeschule Malchow"]
[Date "2020.02.09"]
[Round "3.1"]
[White "Wellßow, Keoki"]
[Black "Tovmasyan, Minas"]
[Result "0-1"]
[WhiteElo "1544"]
[BlackElo "1652"]
[PlyCount "140"]
[EventDate "2020.??.??"]
[EventRounds "7"]
[WhiteTeam "SG Jasmund"]
[BlackTeam "TuS Makkabi Rostock"]

1. c4 e5 2. g3 Nf6 3. Bg2 d5 4. cxd5 Nxd5 5. Nc3 Nb6 6. Nf3 Nc6 7. O-O Be7 8.
b3 O-O 9. Bb2 Be6 10. d4 exd4 11. Nb5 Bd5 12. Nbxd4 Nxd4 13. Bxd4 Bf6 14. Bxf6
Qxf6 15. Qd4 Qxd4 16. Nxd4 Bxg2 17. Kxg2 Rad8 18. Rfd1 c6 19. e3 Rd7 20. Rd2
Rfd8 21. Rad1 Kf8 22. Nf3 Ke7 23. Rxd7+ Rxd7 24. Rxd7+ Nxd7 25. Nd2 Ke6 26. f4
Nc5 27. e4 b5 28. Kf3 Nd3 29. Ke3 Nb4 30. f5+ Kd6 31. a3 Nc2+ 32. Kd3 Nxa3 33.
Kc3 c5 34. Kb2 b4 35. Nf3 f6 36. g4 Nb5 37. Kc2 Nc3 38. Kd3 a5 39. g5 a4 40.
bxa4 Nxa4 41. Kc4 Nb2+ 42. Kb3 Nd3 43. h4 h6 44. g6 Ne5 45. Nd2 Kc6 46. Ka4 Kb6
47. h5 Ka6 48. Nb3 Kb6 49. Nd2 Kc6 50. Nf1 Nd3 51. Ne3 Nf4 52. Ng4 Nxh5 53. e5
fxe5 54. Nxe5+ Kd5 55. Ng4 Kd4 56. f6 gxf6 57. Nxh6 Ng7 58. Ng4 Kc3 59. Nxf6 b3
60. Nd5+ Kd4 61. Kxb3 Kxd5 62. Kc3 c4 63. Kc2 Kd4 64. Kd2 Nf5 65. Kc2 Ne3+ 66.
Kc1 Nf5 67. Kc2 c3 68. Kd1 Kd3 69. Kc1 c2 70. Kb2 Kd2 0-1

[Event "LEM Nachwuchs M-V u14 08.-12.02.2020"]
[Site "Aula Fleesenseeschule Malchow"]
[Date "2020.02.09"]
[Round "3.2"]
[White "Scharf, Christian"]
[Black "Breß, Amy Charlize"]
[Result "1/2-1/2"]
[WhiteElo "1050"]
[BlackElo "1473"]
[PlyCount "55"]
[EventDate "2020.??.??"]
[EventRounds "7"]
[WhiteTeam "SG Güstrow"]
[BlackTeam "SAV Torgelow"]

1. e4 c5 2. Nf3 e6 3. d4 cxd4 4. Nxd4 a6 5. Bd3 Qc7 6. c4 Nf6 7. O-O Be7 8. Nc3
O-O 9. Be3 b6 10. f4 d6 11. f5 Nc6 12. a3 Ne5 13. Qe2 Nxd3 14. Qxd3 Ng4 15. b3
Nxe3 16. Qxe3 Bf6 17. Nde2 Re8 18. Qf2 Bd7 19. a4 Qc5 20. Qxc5 bxc5 21. fxe6
fxe6 22. Rad1 Be5 23. Nb1 Rab8 24. Nd2 Bc6 25. Rf3 Rf8 26. Nc1 Bd4+ 27. Kh1 d5
28. e5 1/2-1/2

[Event "LEM Nachwuchs M-V u14 08.-12.02.2020"]
[Site "Aula Fleesenseeschule Malchow"]
[Date "2020.02.09"]
[Round "3.3"]
[White "Janssen, Joris Frederik"]
[Black "Schott, Andy"]
[Result "0-1"]
[WhiteElo "1291"]
[BlackElo "1485"]
[PlyCount "102"]
[EventDate "2020.??.??"]
[EventRounds "7"]
[WhiteTeam "TuS Makkabi Rostock"]
[BlackTeam "SG Güstrow"]

1. d4 d5 2. Bf4 Nf6 3. Nf3 Bf5 4. Nbd2 e6 5. e3 c5 6. c4 Nbd7 7. Be2 Be7 8. O-O
O-O 9. Nh4 Bg6 10. Nxg6 hxg6 11. h3 cxd4 12. exd4 Qb6 13. Nb3 dxc4 14. Bxc4
Rfd8 15. Be3 Qb4 16. Qe2 Nb6 17. Bd3 Nfd5 18. Bd2 Qd6 19. Kh1 Bf6 20. Be3 Ne7
21. Rfd1 a5 22. Be4 Nbd5 23. Rd2 a4 24. Nc5 Rab8 25. Nxa4 Nf5 26. Rad1 Ndxe3
27. Re1 Nd5 28. Bxd5 Qxd5 29. Nc3 Qa5 30. d5 Bxc3 31. bxc3 Rxd5 32. Rxd5 Qxd5
33. Kg1 Nh4 34. Qg4 Nf5 35. Qf4 Rc8 36. Rc1 Qxa2 37. Qb4 Qd2 38. Rb1 Rc7 39.
Rb3 Qe1+ 40. Kh2 Qxf2 41. Qg4 Rd7 42. Qf3 Qxf3 43. gxf3 Rd2+ 44. Kg1 Nh4 45. f4
Ng2 46. Rxb7 Nxf4 47. Rb8+ Kh7 48. Kf1 Nxh3 49. Rb4 Rf2+ 50. Ke1 Rf4 51. Rb7 g5
0-1

[Event "LEM Nachwuchs M-V u14 08.-12.02.2020"]
[Site "Aula Fleesenseeschule Malchow"]
[Date "2020.02.09"]
[Round "3.4"]
[White "Maeno, Yosuke"]
[Black "Subocz, Gabriel"]
[Result "0-1"]
[WhiteElo "1330"]
[BlackElo "1411"]
[PlyCount "62"]
[EventDate "2020.??.??"]
[EventRounds "7"]
[WhiteTeam "SF Schwerin"]
[BlackTeam "SAV Torgelow"]

1. Nf3 Nc6 2. g3 e5 3. d3 d5 4. Bg2 Nf6 5. O-O Be7 6. Nbd2 O-O 7. c4 Be6 8.
cxd5 Bxd5 9. b3 Nh5 10. Bb2 Bd6 11. e4 Be6 12. Nc4 Bxc4 13. dxc4 Nf6 14. Rc1 b6
15. a3 a5 16. Qc2 Qe7 17. a4 Nb4 18. Qe2 Rfd8 19. Bc3 g6 20. Qb2 Nd3 21. Qa1
Nxc1 22. Rxc1 Re8 23. Nh4 Rad8 24. f4 Nd7 25. Bh3 Bc5+ 26. Kf1 Bd4 27. Bxd4
exd4 28. Qxd4 Qxe4 29. Qb2 Nc5 30. Rc2 Nd3 31. Bg2 Qe1# 0-1

[Event "LEM Nachwuchs M-V u14 08.-12.02.2020"]
[Site "Aula Fleesenseeschule Malchow"]
[Date "2020.02.09"]
[Round "3.5"]
[White "Börger, Dan"]
[Black "Karff, Tom"]
[Result "1/2-1/2"]
[WhiteElo "1431"]
[BlackElo "1301"]
[PlyCount "68"]
[EventDate "2020.??.??"]
[EventRounds "7"]
[WhiteTeam "SC Mecklenburger Springer"]
[BlackTeam "SV Malchow"]

1. e4 e5 2. Nf3 Nc6 3. Bc4 Nf6 4. d3 Bc5 5. Nc3 d6 6. Bg5 h6 7. Bh4 Bg4 8. Nd5
g5 9. Bg3 Nxd5 10. Bxd5 Qf6 11. c3 Bxf3 12. Qxf3 Qxf3 13. gxf3 h5 14. h4 f6 15.
O-O-O Rb8 16. Rdg1 Kd7 17. hxg5 fxg5 18. Kd2 Ne7 19. Bb3 Rh7 20. Ke2 Ng6 21. a3
Nf4+ 22. Bxf4 gxf4 23. Rg5 Rbh8 24. Rh2 h4 25. Ba2 a5 26. b4 axb4 27. axb4 Bb6
28. Rg8 Rxg8 29. Bxg8 Rh8 30. Bb3 c6 31. Kf1 Bd8 32. Kg2 Be7 33. Rh3 Ra8 34.
Rh1 Ra3 1/2-1/2

[Event "LEM Nachwuchs M-V u14 08.-12.02.2020"]
[Site "Aula Fleesenseeschule Malchow"]
[Date "2020.02.09"]
[Round "3.6"]
[White "Bieschke, Tom"]
[Black "Lippitz, Jaden"]
[Result "0-1"]
[WhiteElo "1144"]
[BlackElo "1337"]
[PlyCount "108"]
[EventDate "2020.??.??"]
[EventRounds "7"]
[WhiteTeam "SG Neubrandenburg"]
[BlackTeam "SG Güstrow"]

1. e4 e5 2. Nf3 Nc6 3. Bc4 Bc5 4. Nc3 Nf6 5. d3 h6 6. Be3 Bb6 7. O-O d6 8. h3
Be6 9. Bb5 g5 10. d4 exd4 11. Nxd4 Qd7 12. Qf3 Nh7 13. Rad1 g4 14. hxg4 Bxg4
15. Qg3 Bxd1 16. Rxd1 O-O-O 17. Be2 Rdg8 18. Qh4 Bxd4 19. Bxd4 Nxd4 20. Rxd4
Ng5 21. Bg4 Nf3+ 22. Bxf3 Kb8 23. e5 Qf5 24. Qe4 Qxe4 25. Nxe4 dxe5 26. Rd5 Re8
27. Bh5 Re7 28. Nf6 Re6 29. Nd7+ Ka8 30. Nxe5 f6 31. Nf3 Ra6 32. a3 Rb6 33. b3
Rc6 34. Nd4 Rd6 35. Rxd6 cxd6 36. Nb5 Rg8 37. g3 a6 38. Nd4 Rc8 39. f4 Ka7 40.
Bg6 Kb6 41. Bd3 Kc5 42. Nf5 Rh8 43. Kf2 b5 44. Kf3 h5 45. c4 bxc4 46. bxc4 Rb8
47. Ng7 Rh8 48. Ke4 h4 49. gxh4 Rxh4 50. Ne6+ Kc6 51. Kf5 Rh6 52. Ke4 Rh5 53.
Nd8+ Kd7 54. Nf7 Ke7 0-1

[Event "LEM Nachwuchs M-V u14 08.-12.02.2020"]
[Site "Aula Fleesenseeschule Malchow"]
[Date "2020.02.09"]
[Round "3.7"]
[White "Wilke, Finja"]
[Black "Quade, Luca"]
[Result "0-1"]
[WhiteElo "923"]
[BlackElo "1414"]
[PlyCount "112"]
[EventDate "2020.??.??"]
[EventRounds "7"]
[WhiteTeam "SAV Torgelow"]
[BlackTeam "SF Schwerin"]

1. e4 d5 2. Nc3 d4 3. Nce2 e5 4. Nf3 Nc6 5. d3 Bg4 6. Bg5 Nf6 7. Nc1 Bb4+ 8.
Bd2 O-O 9. a3 Bxd2+ 10. Kxd2 Ne7 11. h3 Bh5 12. Rg1 c5 13. g4 Bg6 14. h4 h6 15.
g5 Nh5 16. Nxe5 Qa5+ 17. b4 cxb4 18. Nb3 Qxe5 19. axb4 Qf4+ 20. Ke1 Qxh4 21.
gxh6 gxh6 22. Be2 Nf4 23. Nxd4 Nh3 24. Rg3 Qf6 25. Rxh3 Qxd4 26. Rc1 Qxb4+ 27.
c3 Qb2 28. Rc2 Qb5 29. Rxh6 Qg5 30. Rh3 Kg7 31. Qd2 Qxd2+ 32. Kxd2 Rh8 33. Rxh8
Rxh8 34. f4 Rh2 35. Kc1 f5 36. Bd1 Rxc2+ 37. Bxc2 a5 38. Kb2 Kh6 39. Ka3 Kh5
40. Ka4 b6 41. Kb5 Nc8 42. c4 Kg4 43. c5 Be8+ 44. c6 Kxf4 45. exf5 Kxf5 46. d4+
Ke6 47. Bb3+ Kd6 48. d5 Bf7 49. Ka6 Bxd5 50. Ba4 Bxc6 51. Bc2 a4 52. Bxa4 Bxa4
53. Kb7 b5 54. Ka6 b4 55. Ka5 b3 56. Kxa4 b2 0-1

[Event "LEM Nachwuchs M-V u14 08.-12.02.2020"]
[Site "Aula Fleesenseeschule Malchow"]
[Date "2020.02.09"]
[Round "3.8"]
[White "Klöpzig, Lars Arvid"]
[Black "Kirchner, Bao Long Marc"]
[Result "0-1"]
[WhiteElo "1304"]
[BlackElo "1222"]
[PlyCount "36"]
[EventDate "2020.??.??"]
[EventRounds "7"]
[WhiteTeam "SV Gryps"]
[BlackTeam "TuS Makkabi Rostock"]

1. e4 e5 2. Nf3 Nc6 3. Bc4 Nf6 4. d4 Nxe4 5. Qe2 d5 6. Bb5 Bd7 7. Bxc6 Bxc6 8.
Nxe5 Bd6 9. Nxc6 bxc6 10. f3 Qh4+ 11. g3 Bxg3+ 12. Kd1 O-O 13. fxe4 dxe4 14.
Nd2 Rad8 15. Rg1 Bf2 16. Rg4 Qxh2 17. Nxe4 Rxd4+ 18. Bd2 Qh1+ 0-1

[Event "LEM Nachwuchs M-V u14 08.-12.02.2020"]
[Site "Aula Fleesenseeschule Malchow"]
[Date "2020.02.09"]
[Round "3.9"]
[White "Hampe, Tobias"]
[Black "Bohndorf, Jonas"]
[Result "1-0"]
[WhiteElo "1075"]
[BlackElo "1239"]
[PlyCount "39"]
[EventDate "2020.??.??"]
[EventRounds "7"]
[WhiteTeam "Lok Pritzwalk"]
[BlackTeam "SV Gryps"]

1. e4 e5 2. Nf3 Nc6 3. Bc4 Nf6 4. Nc3 Nxe4 5. Nxe4 d5 6. Bxd5 Qxd5 7. d3 Bg4 8.
O-O Nd4 9. b3 Nxf3+ 10. gxf3 Bf5 11. Bh6 O-O-O 12. Bg5 f6 13. Be3 Bh3 14. Re1
Qd7 15. f4 exf4 16. Bxf4 Qf5 17. Bg3 h5 18. Qd2 h4 19. Qf4 Qg6 20. Qxc7# 1-0

[Event "LEM Nachwuchs M-V u14 08.-12.02.2020"]
[Site "Aula Fleesenseeschule Malchow"]
[Date "2020.02.09"]
[Round "3.10"]
[White "Köpnick, Amanda"]
[Black "Hägert, Luisa"]
[Result "1/2-1/2"]
[WhiteElo "1030"]
[BlackElo "787"]
[PlyCount "47"]
[EventDate "2020.??.??"]
[EventRounds "7"]
[WhiteTeam "TuS Makkabi Rostock"]
[BlackTeam "SG Güstrow"]

1. e4 e5 2. Nf3 Nc6 3. Bc4 Bc5 4. c3 Nf6 5. d3 d5 6. exd5 Nxd5 7. d4 exd4 8.
cxd4 Bb4+ 9. Bd2 Bxd2+ 10. Nbxd2 Bg4 11. Qe2+ Nde7 12. Qe4 Bxf3 13. Qxf3 O-O
14. O-O Nxd4 15. Qe4 Re8 16. Qf4 Ne2+ 17. Bxe2 Ng6 18. Qf3 Qxd2 19. Rfe1 Rad8
20. Rad1 Qxb2 21. Rxd8 Rxd8 22. Bc4 Ne5 23. Qe3 Re8 24. Kh1 1/2-1/2

[Event "LEM Nachwuchs M-V u14 08.-12.02.2020"]
[Site "Aula Fleesenseeschule Malchow"]
[Date "2020.02.10"]
[Round "4.1"]
[White "Tovmasyan, Minas"]
[Black "Scharf, Christian"]
[Result "1/2-1/2"]
[WhiteElo "1652"]
[BlackElo "1050"]
[PlyCount "28"]
[EventDate "2020.??.??"]
[EventRounds "7"]
[WhiteTeam "TuS Makkabi Rostock"]
[BlackTeam "SG Güstrow"]

1. d4 d5 2. c4 Nc6 3. Nf3 Bg4 4. e3 e5 5. Be2 Bb4+ 6. Nc3 Nge7 7. Nxe5 Bxe2 8.
Qxe2 Nxe5 9. dxe5 d4 10. exd4 Qxd4 11. O-O Nc6 12. Nb5 Qd7 13. e6 fxe6 14. a3
Bd6 1/2-1/2

[Event "LEM Nachwuchs M-V u14 08.-12.02.2020"]
[Site "Aula Fleesenseeschule Malchow"]
[Date "2020.02.10"]
[Round "4.2"]
[White "Schott, Andy"]
[Black "Wellßow, Keoki"]
[Result "1-0"]
[WhiteElo "1485"]
[BlackElo "1544"]
[PlyCount "55"]
[EventDate "2020.??.??"]
[EventRounds "7"]
[WhiteTeam "SG Güstrow"]
[BlackTeam "SG Jasmund"]

1. c4 d6 2. d4 e5 3. dxe5 dxe5 4. Qxd8+ Kxd8 5. Nf3 Nd7 6. Nc3 c6 7. g3 Ngf6 8.
a3 Be7 9. Bg2 Kc7 10. O-O b6 11. h3 h6 12. b4 Bb7 13. Be3 g5 14. c5 b5 15. Nd2
Raf8 16. Rfd1 Ne8 17. a4 a6 18. axb5 axb5 19. Rac1 Ba6 20. Ra1 Nb8 21. f4 exf4
22. gxf4 f5 23. Nf3 Rhg8 24. Bd4 Bf6 25. Be5+ Bxe5 26. Nxe5 gxf4 27. Nxc6 Bb7
28. Nxb5+ 1-0